LEADER 04692nam 2200625 450 001 9910460378603321 005 20200520144314.0 010 $a1-60223-234-2 035 $a(CKB)3710000000409259 035 $a(EBL)2039377 035 $a(SSID)ssj0001482181 035 $a(PQKBManifestationID)12568253 035 $a(PQKBTitleCode)TC0001482181 035 $a(PQKBWorkID)11508581 035 $a(PQKB)11303930 035 $a(MiAaPQ)EBC2039377 035 $a(Au-PeEL)EBL2039377 035 $a(CaPaEBR)ebr11054906 035 $a(OCoLC)908671072 035 $a(EXLCZ)993710000000409259 100 $a20150529h20142014 uy 0 101 0 $aipk 135 $aurcnu|||||||| 181 $ctxt 182 $cc 183 $acr 200 10$aIn?upiatun Uqaluit Taniktun Sivuninit $e= In?upiaq to English Dictionary /$fcompiled by Edna Ahgeak MacLean 210 1$aFairbanks, Alaska :$cUniversity of Alaska Press,$d2014. 210 4$dİ2014 215 $a1 online resource (1018 p.) 300 $aDescription based upon print version of record. 311 $a1-60223-233-4 320 $aIncludes bibliographical references. 327 $aImai - Contents; Sivulliilugu - Preface; Quyanaaun - Acknowledgments; Iisimaraksrat - General Introduction; 1. In?upiuraaqtuat Nunaat - In?upiaq-Inuit Language Distribution; 2. In?upiatun Uqautchim Irrusia - Overview of In?upiaq Language Grammar; 3. In?upiatun Uqallagnilu Aglanilu - Sounds and Symbols of the In?upiaq Language; 4. In?upiatun Uqaluit Taniktun Sivuniisa Salapqii - In?upiaq to English Dictionary Format; In?upiatun Uqaluit Mait - In?upiaq Word Stems; In?upiatun Akunniutit - In?upiaq Postbases; In?upiatun Uqaluit Isuit - In?upiaq Word Endings 327 $a1. Uqallagautit Nalunaiutiil?l?u Isuil?l?u - Verb Moods and Endings 2. Atiqausit Isut - Noun Cases; In?upiatun Uqaluit Isuk?iqpiait - In?upiaq Enclitics; Iiguutit Savaamun - Appendices; Appendix 1. Atiqautchiurat Nauniit Inflection of Personal Pronouns; Appendix 2. Tamatkiunnallu Ilaaguautillu Atiqautchiurat Nauniit - Inflection of the Inclusive and Exclusive Pronouns; Appendix 3. Tikkuaautit Mait - Demonstrative Stems; Appendix 4. Maruallu Mauurallu - Roots and "Nominal" Stems; Appendix 5. Tuq?uautit - Kinship Terms; Appendix 6. Sikukun Taggisit - Ice Terms 327 $aAppendix 7. Aputikun Taggisit - Snow Terms Appendix 8. Piviksrakun Taggisit - Segments of Time; Appendix 9. Uvluiatigun Taggisit - Names of Stars and Constellations; Appendix 10. In?upiaqsin?ivu tIn?upiaq Names; Appendix 11. In?upiatun Kisitchin?iq - The In?upiaq Counting System: Wm. Clark Bartley; Appendix 12. Init Sumiinmagaautait - Area References; Appendix 13. Sumiinmagaautit - Locational Terms; Appendix 14. Savait Taggisiit - Names of Ocean Currents; Appendix 15. Anuit Taggisiit - Names of Winds; Appendix 16. Umiapiaq - Umiak; Appendix 17. Qayaq - Kayak; Appendix 18. Uniat - Sled 327 $aAppendix 19. Avimin? Niit - Bowhead Whale Shares Appendix 20. Niaqum Saunii - Human Skull; Appendix 21. Timim Saunii - Human Skeleton; Appendix 22. Ivrulik Kataligaaq Iglu - Traditional Sod House; Appendix 23. Nirutit Atiit - Names of Mammals; Appendix 24. Nauriat Suusiisalu Atiit - Names of Plants and Plant Parts; Appendix 25. Qupilut Atiit - Names of Insects; Appendix 26. Timiat Atiit - Names of Birds; Appendix 27. Iqaluil?l? u Imanil?l? u Igliallu Atiit - Names of Fish, Mollusks, and Crustaceans; Appendix 28. Uqallagautit - Exclamations 327 $aAppendix 29. Tatqit Atiit - Names of Months Appendix 30. Qavsiummagaautit - Cardinal Numbers; Appendix 31. Sulliummagaautit - Ordinal Numbers; Kaviit - Bibliography; Kaiqsiuviit - Sources; Taniktun Uqaluit In?upiatun Arriisa Paqirrutait - English to In?upiaq Wordfinder 330 $aThis is a comprehensive treatment of one of Alaska's oldest ancestral languages. Through its 19,000 entries and thirty-one appendices-with categories such as kin terms, names of constellations, and a list of explanations-the dictionary is an exceptional blend of linguistic and cultural references. 517 3 $aIn?upiaq to English Dictionary 606 $aEnglish language$vDictionaries$xInupiaq 606 $aInupiaq dialect$vDictionaries$xEnglish 608 $aElectronic books. 615 0$aEnglish language$xInupiaq. 615 0$aInupiaq dialect$xEnglish. 676 $a497/.12 700 $aMacLean$b Edna Ahgeak$0895777 702 $aMacLean$b Edna Ahgeak 801 0$bMiAaPQ 801 1$bMiAaPQ 801 2$bMiAaPQ 906 $aBOOK 912 $a9910460378603321 996 $aIn?upiatun Uqaluit Taniktun Sivuninit$92001152 997 $aUNINA